000 00891nam a2200253Ia 4500
003 OSt
005 20220923215654.0
006 a|||||r|||| 00| 0
007 ta
008 220922b |||||||| |||| 00| 0 hin d
024 _a180,761
037 _cTextual
040 _aARTS
_cARTS
_bhin
041 _2hin
_ahin
082 _aO152,1N07:g (R5), M4
100 _aतुलसम्मा, सी0
_9162380
245 0 _aमहादेवी की कविता में सौन्दर्य भावना
246 _ahinādevī kī kavitā mean saundarya bhāvanā
260 _aदिल्ली
_b सूर्य प्रकाशन
_c1984
300 _a304 पृ.
_ccm.
650 _aहिन्दी साहित्य
_9156264
942 _hO152,1N07:g (R5), M4
_cTEXL
_2CC
999 _c334139
_d334139